• 首页
  • 本馆介绍
  • 公告通知
  • 最新文献
  • 馆藏检索
  • 电子资源
  • 读者导购
  • 参考咨询
  • 我的图书馆
  • 登录
  • 详细信息显示
  • 放入我的书架
  • 预约/预借图书
  • 作者相关作品
  • 分类相关作品
  • 丛书相关作品
  • 出版社相关作品

书目信息

  • 表格格式
  • 工作单格式
  • 卡片格式
题名:
英语教学与思维培养研究
    
 
作者: 李志坤 , 龚明星 著
分册:  
出版信息: 武汉   华中师范大学出版社  2022.04
页数: 268页
开本: 24cm
丛书名:
单 册:
中图分类: G633.412
科图分类:
主题词: 英语课--教学研究--中学
电子资源:
ISBN: 978-7-5622-9645-4
000 00933nam0 2200241 450
001 012001000491
005 20141201144836.0
010    @a978-7-5622-9645-4@dCNY68.00
100    @a20220905d2022 em y0chiy0110 ea
101 0  @achi
102    @aCN@b420000
105    @ay z 000yy
106    @ar
200 1  @a英语教学与思维培养研究@Aying yu jiao xue yu si wei pei yang yan jiu@f李志坤,龚明星著
210    @a武汉@c华中师范大学出版社@d2022.04
215    @a268页@d24cm
330    @a本书瞄准世界前沿,立足中国国情,开展从实践到理论再到实践的教学研究一体化过程。研究目标是理清英语教学中语言、文化、思维间的关系,以及英语教学中隐含的思维方式和能力要素,通过解剖真实教学案例,推进英语教学中学生思维能力的培养。
606 0  @a英语课@x教学研究@x中学
690    @aG633.412@v5
701  0 @a李志坤@Ali zhi kun@f(1966-)@4著
701  0 @a龚明星@Agong ming xing@4著
801  0 @aCN@bAHXH@c20221111
905    @b1369438-42@dG633.412@e1037@f5
    
    英语教学与思维培养研究/李志坤,龚明星著.-武汉:华中师范大学出版社,2022.04
    268页;24cm
    
    
    ISBN 978-7-5622-9645-4:CNY68.00
    本书瞄准世界前沿,立足中国国情,开展从实践到理论再到实践的教学研究一体化过程。研究目标是理清英语教学中语言、文化、思维间的关系,以及英语教学中隐含的思维方式和能力要素,通过解剖真实教学案例,推进英语教学中学生思维能力的培养。
●
相关链接 在E读中查询图书 在五车中查询图书 在当当中查询图书 在豆瓣中查询图书


正题名:英语教学与思维培养研究     索取号:G633.412/1037         预约/预借

序号 登录号 条形码 馆藏地/架位号 状态 备注
1 1369438   213694386   第一样本阅览室/ [索取号:G633.412/1037] 在馆    
2 1369439   213694395   教育系资料室/ [索取号:G633.412/1037] 在馆    
3 1369440   213694402   教育系资料室/ [索取号:G633.412/1037] 在馆    
4 1369441   213694411   第四借阅区/ [索取号:G633.412/1037] 在馆    
5 1369442   213694420   第四借阅区/ [索取号:G633.412/1037] 在馆    
唐山师范学院图书馆 欢迎您!
大连网信软件有限公司© 版权所有